Ecological Nationalisms: (Record no. 205590)

MARC details
000 -LEADER
fixed length control field 00726nam a22002057a 4500
005 - DATE AND TIME OF LATEST TRANSACTION
control field 20240905120632.0
010 ## - LCCN (DPL NO)
LC control number ENG-141652
020 ## - INTERNATIONAL STANDARD BOOK NUMBER
International Standard Book Number 9788178243634
Terms of availability 495.00
035 ## - SYSTEM CONTROL NUMBER
System control number EN-125184
037 ## - SOURCE OF ACQUISITION
Source of stock number/acquisition DBAD
082 ## - DEWEY DECIMAL CLASSIFICATION NUMBER
Classification number 320.54
Edition number 1
245 ## - TITLE STATEMENT
Title Ecological Nationalisms:
Remainder of title Nature, Livelihoods and Identities in South Asia/
Statement of responsibility, etc Edited By Gunnel Cederlof [and] K. Sivaramakrishnan
250 ## - EDITION STATEMENT
Edition statement 1
260 ## - PUBLICATION, DISTRIBUTION, ETC. (IMPRINT)
Place of publication, distribution, etc Ranikhet
Name of publisher, distributor, etc Permanent Black
Date of publication, distribution, etc 2012
270 ## - ADDRESS
Address 'Himalyana' , Mall Road, Ranikhet Cantt
City Ranikhet
Postal code 263645
Electronic mail address perblack@gmail.com
300 ## - PHYSICAL DESCRIPTION
Extent 399p.
Dimensions 21cm.(pb)
700 ## - ADDED ENTRY--PERSONAL NAME
Personal name Cederlof , Gunnel
Relator term Editor
9 (RLIN) 71114
700 ## - ADDED ENTRY--PERSONAL NAME
Personal name Sivaramakrishnan, K.
Relator term Editor
9 (RLIN) 71115
942 ## - ADDED ENTRY ELEMENTS (KOHA)
Source of classification or shelving scheme Dewey Decimal Classification
Item type English Books
Classification part 320.54
Call number suffix NAT
Edition 1
Holdings
Withdrawn status Lost status Not for loan Collection code Home library Current library Date acquired Source of acquisition Cost, normal purchase price Full call number Barcode Copy number Cost, replacement price Koha item type
      Non-fiction Central Library Central Library 05/09/2024 Delivery of Books Act Division 495.00 320.54 NAT EN-125184 1 495.00 English Books

© Delhi Public Library
Hit Counter
free hit counter